| 000 | 01593nam0a2200373 4500 | ||
|---|---|---|---|
| 001 | RU\NLR\bibl\1507409 | ||
| 005 | 20260406210405.0 | ||
| 010 |
_a978-5-18-000642-4 _98000 |
||
| 021 |
_aRU _b2010-22786 _91531 |
||
| 035 | _a(nilc)RSL-KNO-004624209 | ||
| 035 | _a(NLR Aleph) 001498825 | ||
| 090 |
_a1791053 _c1791053 |
||
| 100 | _a20100330d2010 |||y0rusy50 ca | ||
| 101 | 1 |
_arus _ceng |
|
| 102 | _aRU | ||
| 105 | _aa zzzz||||| | ||
| 200 | 1 |
_aБольшая иллюстрированная энциклопедия эрудита _e[для детей старшего школьного возраста _fМахаон _gред.: Мартин Клауэс и др. _gпер. с англ.: к.б.н. Денис Богомолов и др. _gнауч. ред.: д.б.н., проф. Алексей Гиляров и др.] |
|
| 210 |
_aМосква _cМахаон _d2010 |
||
| 215 |
_a487 с. _cил., цв. ил., портр. _d29 |
||
| 320 | _aУказ.: с. 476-487 | ||
| 608 |
_aЭнциклопедии для детей _92363029 _3RU\NLR\auth\661410942 |
||
| 610 | 0 | _aДетская литература | |
| 686 |
_aШ9:Я20(2) _2rubbk |
||
| 686 |
_aШ9 _bЯ20 |
||
| 702 | 1 |
_aКлауэс _bМ. _gМартин _4340 |
|
| 702 | 1 |
_aГиляров _bА. _gАлексей _4340 |
|
| 712 | 0 | 2 |
_4570 _a"Махаон", акционерное общество _cМосква _9430786 _3RU\NLR\AUTH\889967223 |
| 801 | 0 |
_aRU _bРГБ _c20100330 _grcr |
|
| 801 | 1 |
_aRU _bРГБ _c20100330 |
|
| 801 | 2 |
_aRU _bNLR _c20100504 _grcr |
|
| 942 | _cBOOK | ||
| 980 | _aNB | ||